000 00496nam a2200157 4500
001 1068
005 20181127162638.0
090 0 0 _a394.4 T4439p 2010
100 0 0 _aThinley, Jigme Y.
245 0 0 _aPreparation, layout plans and programme details for the coronation of the 5th Druk Gyalpo /
_b
_cJigme Y. Thinley.
_h
250 0 0 _a
260 0 0 _aThimphu :
_bSecretariate for National Steering Committee,
_c2010.
300 0 0 _a90 p. : .col. ill.
500 0 0 _aIn English.
650 0 0 _aCoronations --Bhutan.
_x
999 _c754
_d754